Score 0/35 Timer 04:00
19 Plays Today
Clue Word % Correct
Zero in tennisLOVE
92.6%
Pass gasFART
87.5%
Barbie, e.g.DOLL
86.3%
Clenched handFIST
85.3%
Roadway feeTOLL
84.1%
Pass out cardsDEAL
83.3%
Show someone your bumMOON
81.6%
Observe RamadanFAST
79.6%
ShortlySOON
79.5%
It dirties Santa's outfitSOOT
78.6%
Navy ___SEAL
77.1%
Computer manufacturer MichaelDELL
75.7%
Put into alphabetical orderSORT
74.4%
Italian auto manufacturerFIAT
73.3%
Darken a fontBOLD
72.8%
DawnMORN
70.7%
Traditional knowledge or beliefLORE
68.7%
Skin openingPORE
68.2%
Clue Word % Correct
'The Internet Is for ___': Avenue QPORN
67.8%
Impressive achievementFEAT
67.7%
RecountedTOLD
67.1%
Every congressperson has oneSEAT
63.9%
Harry Potter's blemishBOLT
60.5%
ProstituteTART
59%
Pineapple distribution companyDOLE
58.1%
Opposite of the start of the ladderHATE
56.2%
Wrongful act, in legaleseTORT
55.3%
GapHOLE
53.9%
PriceCOST
53%
___-Bopp cometHALE
49.3%
Over hill and ___DALE
45.7%
NylonsHOSE
42.9%
Eucharist breadHOST
39.9%
Scow or skiffBOAT
38.9%
LayerCOAT
33.7%
Remove Ads.
Support Sporcle.
Get the best of Sporcle when you Go Orange. This ad-free experience offers more features, more stats, and more fun while also helping to support Sporcle. Thank you for becoming a member.

You're not logged in!

Compare scores with friends on all Sporcle quizzes.
OR
Log In

Show Comments

Extras

Top Quizzes Today


Score Distribution

Your Account Isn't Verified!

In order to create a playlist on Sporcle, you need to verify the email address you used during registration. Go to your Sporcle Settings to finish the process.

Report this User

Report this user for behavior that violates our Community Guidelines.

Details: